LDR 00910naa#a2200157#i#450# 001 RU\\bibl\19781 005 20260602233512.2 100 ## _a20260601b2026####ek#y0rusy0150####ca 102 ## _aRU 200 1# _aДИНАМИКА ТРАНСФОРМАЦИИ И НЕИСПОЛЬЗУЕМЫЙ ПОТЕНЦИАЛ СЕЛЬСКОХОЗЯЙСТВЕННЫХ УГОДИЙ РОССИИ _eСтатья/тезисы конференции 210 1# _aВоронеж _cВоронежский государственный лесотехнический университет имени Г.Ф. Морозова _d2026 215 ## _a6 с. 608 ## _aСтатья/тезисы конференции _2local 675 ## _aСельскохозяйственные предприятия, земельные владения и системы ведения хозяйства. 631.11 _z 700 #1 _aСуховерхов _gО. С. 856 4# _abibl.vgltu.ru _u